Fermentation microbiology and biotechnology / (Record no. 233254)

000 -LEADER
fixed length control field 03288cam a2200337 a 4500
001 - CONTROL NUMBER
control field 17003792
003 - CONTROL NUMBER IDENTIFIER
control field Nust
005 - DATE AND TIME OF LATEST TRANSACTION
control field 20170306110519.0
008 - FIXED-LENGTH DATA ELEMENTS--GENERAL INFORMATION
fixed length control field 111014s2012 flua b 001 0 eng
010 ## - LIBRARY OF CONGRESS CONTROL NUMBER
LC control number 2011043035
020 ## - INTERNATIONAL STANDARD BOOK NUMBER
International Standard Book Number 9781439855799 (hardcover : alk. paper)
035 ## - SYSTEM CONTROL NUMBER
System control number (DNLM)101571134
040 ## - CATALOGING SOURCE
Original cataloging agency DNLM/DLC
Transcribing agency ASAB
Modifying agency DLC
042 ## - AUTHENTICATION CODE
Authentication code pcc
050 00 - LIBRARY OF CONGRESS CALL NUMBER
Classification number TP248.27.M53
Item number F467 2012
060 10 - NATIONAL LIBRARY OF MEDICINE CALL NUMBER
Classification number QW 75
082 00 - DEWEY DECIMAL CLASSIFICATION NUMBER
Classification number 660/.28449
Edition number 23
245 00 - TITLE STATEMENT
Title Fermentation microbiology and biotechnology /
Statement of responsibility, etc. editors, E.M.T. El-Mansi ... [et al.].
250 ## - EDITION STATEMENT
Edition statement 3rd ed.
260 ## - PUBLICATION, DISTRIBUTION, ETC.
Place of publication, distribution, etc. Boca Raton, FL :
Name of publisher, distributor, etc. Taylor & Francis/CRC Press,
Date of publication, distribution, etc. 2012.
300 ## - PHYSICAL DESCRIPTION
Extent xix, 535 p. :
Other physical details ill. ;
Dimensions 26 cm.
504 ## - BIBLIOGRAPHY, ETC. NOTE
Bibliography, etc. note Includes bibliographical references and index.
505 0# - FORMATTED CONTENTS NOTE
Formatted contents note Fermentation microbiology and biotechnology : a historical perspective / E.M.T. El-Mansi ... [et al.] -- Microbiology of industrial fermentation : central and modern concepts / E.M.T. EL-Mansi, F. Bruce Ward, and Arun P. Chopra -- Fermentation kinetics / Jens Nielsen -- Microbial synthesis of primary metabolites : current trends and future prospects / Arnold L. Demain and Sergio Sanchez -- Microbial and plant cell synthesis of secondary metabolites and strain improvement / Wei Zhang, Iain S. Hunter, and Raymond Tham -- Applications of metabolomics to microbial cell factories for biomanufacturing : current trends and future prospects / David M. Mousdale and Brian McNeil -- Flux control analysis and stoichiometric network modeling : basic principles and industrial applications / E.M.T. El-Mansi, Gregory Stephanopoulos, and Ross P. Carlson -- Enzyme and cofactor engineering : current trends and future prospects in the pharmaceutical and fermentation industries / George N. Bennett and Ka-Yiu San -- Conversion of renewable resources to biofuels and fine chemicals : current trends and future prospects / Aristos A. Aristidou ... [et al.] -- Functional genomics : current trends, tools, and future prospects in the fermentation and pharmaceutical industries / Surendra K. Chikara -- Beyond cells : culturing complex plant tissues for the production of metabolites and elite genotypes / Pamela J. Weathers, Melissa J. Towler, and Barbara E. Wyslouzil -- Cell immobilization and its applications in biotechnology : current trends and future prospects / Ronnie G. Willaert -- Biosensors in bioprocess monitoring and control : current trends and future prospects / Chris E. French and Chris Gwenin -- Solid-state fermentation : current trends and future prospects / Lalita Devi G ... [et al.] -- Bioreactors : design, operation, and applications / Anthony R. Allman -- Control of industrial fermentations : an industrial perspective / Craig J.L. Gershater and César Arturo Aceves-Lara -- Monitoring and control strategies for ethanol production in Saccharomyces cerevisiae / Gilles Roux, Zetao Li, and Boutaib Dahhou.
650 12 - SUBJECT ADDED ENTRY--TOPICAL TERM
Topical term or geographic name entry element Industrial Microbiology.
650 22 - SUBJECT ADDED ENTRY--TOPICAL TERM
Topical term or geographic name entry element Fermentation
General subdivision physiology.
650 22 - SUBJECT ADDED ENTRY--TOPICAL TERM
Topical term or geographic name entry element Microbiological Techniques.
700 1# - ADDED ENTRY--PERSONAL NAME
Personal name El-Mansi, Mansi.
906 ## - LOCAL DATA ELEMENT F, LDF (RLIN)
a 7
b cbc
c orignew
d 1
e ecip
f 20
g y-gencatlg
942 ## - ADDED ENTRY ELEMENTS (KOHA)
Source of classification or shelving scheme
Koha item type Book
Holdings
Withdrawn status Lost status Source of classification or shelving scheme Damaged status Not for loan Collection code Permanent Location Current Location Date acquired Total Checkouts Full call number Barcode Date last seen Price effective from Koha item type
            Atta-ur-Rahman School of Applied Biosciences (ASAB) Atta-ur-Rahman School of Applied Biosciences (ASAB) 03/06/2017   660 MAN ASAB3123 03/06/2017 03/06/2017 Book
© 2023 Central Library, National University of Sciences and Technology. All Rights Reserved.